000
00302 a2200109 4500
001
ART_11422
005
20260410161857.0
008
260409a
245
1
0
_a
Derivados financieros
100
1
_a
Ferro, Gustavo
773
0
_t
Revista de Economía
_g
- Nº 74 (jul./sep. 1994)
_w
REV11077
999
_c
25559
_d
25559